Character by Ear Buds Quiz Stats

Quiz Updated Sep 23, 2016

Challenge
Share
Tweet
Score 0/25 Timer 03:00
1 Play Today
% Correct
Mario
99.3%
Superman
96.4%
Batman
96.2%
Minnie Mouse & Mickey Mouse
96%
The Incredible Hulk
95.2%
SpongeBob SquarePants
94.7%
Darth Vader
94.7%
Snoopy
93.7%
Minions
93.6%
Hello Kitty
93.5%
Mike Wazowski
93%
Tweety Bird
92.7%
Red
92.3%
% Correct
Elmo
91.8%
Sonic the Hedgehog
91.8%
Dory
90.7%
Po
88%
Stitch
87.2%
Rainbow Dash
86.5%
Smurfette
85.8%
Jack Skellington
82.7%
Slinky Dog
80.1%
Barbie
60.4%
Dalek
56.3%
Naruto
40.6%

You're not logged in!

Compare scores with friends on all Sporcle quizzes.
Sign Up with Email
OR
Log In

You Might Also Like...

Show Comments

Extras

Top Quizzes Today


Score Distribution

Your Account Isn't Verified!

In order to create a playlist on Sporcle, you need to verify the email address you used during registration. Go to your Sporcle Settings to finish the process.